000 00822nas a2200253 4500
001 BR0800932
003 BR-BrBNA
005 20231205111623.0
007 ta
008 230509b bl.|||p| |||| 00| 00por d
040 _aBR-BrBNA
_bpor
_cBiblioteca Nacional de Agricultura
041 _a(En)
072 _aL40; L60
100 1 _aCavichioli, R.R.
245 1 _aAglaenita Spinola and A. bicunctata Spinola (Hemiptera, Auchenorrhyncha, Cicadellidae): redescription of both taxa and toxonomic notes
650 _aINSETO
650 _aTAXONOMIA ANIMAL
650 _aANATOMIA ANIMAL
650 _aHEMIPTERA
650 _aPERCEVEJO
773 0 _tRevista Brasileira de Zoologia (Brazil)
_xISSN 0101-8175
_g(Jun 1999), v. 16(1) p. 189-192
_wBR0800932
909 _a202311
_bLúcia
_c55
_dLúcia Elande
942 _2AGRIS
_n0
_cANA
999 _c193579
_d193579